00618nam a2200205 a 450000100060000000300080000600500170001400800410003102000220007203500190009404000320011304100080014508200280015310000330018124500820021426000280029630000280032450400260035265000340037828176BD-RjUL20211209051240.0140329t1983 fr a bs i000 0 eng d a9231019961 (pbk.) a(BD-RjUL)28257 aDLCcDLCdDLCdBD-RjULbeng aeng00a331.40982219bRED 19832 aRecchini de Lattes, Zulma L.10aDynamics of the female labour force in Argentina /cZulma Recchini de Lattes. aParis :bUnesco,c1983. a98 p. :bill. ;c24 cm. aincludes Bibliography 0aWomenxEmploymentzArgentina.